[Event "Plzen Calliditas op"]
[Site "Plzen"]
[Date "2020.08.27"]
[Round "6"]
[White "Jares, Michal"]
[Black "Folkova, Martina"]
[Result "1/2-1/2"]
[WhiteElo "1906"]
[BlackElo "2001"]
[PlyCount "69"]
[EventDate "2020.08.23"]
[EventType "swiss"]
[EventRounds "9"]
[EventCountry "CZE"]
[SourceTitle "CBM 198 Extra"]
[Source "ChessBase"]
[SourceDate "2020.11.30"]
[SourceVersion "1"]
[SourceVersionDate "2020.11.30"]
[SourceQuality "1"]

1. Nf3 d5 2. d4 Nf6 3. g3 g6 4. Bg2 Bg7 5. 0-0 0-0 6. c4 dxc4 7. Nc3 Nbd7 8. e4 Nb6 9. a4 a5 10. Qe2 c6 11. h3 h6 12. Be3 Be6 13. Rfd1 Rc8 14. Kh2 Nfd7 15. Qd2 Kh7 16. Ne2 f5 17. Nh4 c3 18. bxc3 Nc4 19. Qc1 Nd6 20. Nxg6 Rf6 21. Nxe7 Qxe7 22. e5 Rf7 23. exd6 Qxd6 24. Qa3 Qxa3 25. Rxa3 Nb6 26. Nf4 Bc4 27. Bf1 Re7 28. Bxc4 Nxc4 29. Rb3 Rd8 30. Rdb1 Rdd7 31. Nh5 Bh8 32. Bf4 Kg6 33. g4 fxg4 34. hxg4 b6 35. Kg3 1/2-1/2

[Event "Plzen Calliditas op"]
[Site "Plzen"]
[Date "2020.08.26"]
[Round "5"]
[White "Svanda, Adam"]
[Black "Folkova, Martina"]
[Result "0-1"]
[WhiteElo "1852"]
[BlackElo "2001"]
[PlyCount "92"]
[EventDate "2020.08.23"]
[EventType "swiss"]
[EventRounds "9"]
[EventCountry "CZE"]
[SourceTitle "CBM 198 Extra"]
[Source "ChessBase"]
[SourceDate "2020.11.30"]
[SourceVersion "1"]
[SourceVersionDate "2020.11.30"]
[SourceQuality "1"]

1. c4 e6 2. g3 d5 3. Bg2 Nf6 4. Nf3 Be7 5. 0-0 0-0 6. d3 c5 7. cxd5 exd5 8. d4 b6 9. b3 Bb7 10. Bb2 Nbd7 11. Nbd2 Rc8 12. Rc1 Ne4 13. Nxe4 dxe4 14. Ne5 cxd4 15. Rxc8 Qxc8 16. Nxd7 Qxd7 17. Qxd4 Qxd4 18. Bxd4 Rc8 19. a4 Bd5 20. Rb1 f5 21. Bh3 g6 22. e3 Bb4 23. g4 Be6 24. gxf5 gxf5 25. Rb2 Kf7 26. f3 exf3 27. Kf2 Bd6 28. Kxf3 Bd5+ 29. Ke2 Be4 30. Kd1 Ba3 31. Ra2 Bb4 32. Bg2 Bd3 33. Bd5+ Ke7 34. Rg2 Kd6 35. Bb7 Rc7 36. Bf3 Ke6 37. Ba8 Bd6 38. Rd2 Bf1 39. Rf2 Bd3 40. Rd2 Bb1 41. Rb2 Bd3 42. Rd2 Ba6 43. e4 fxe4 44. Bxe4 Bf4 45. Rc2 Rd7 46. Rc6+ Ke7 0-1

[Event "Stare Mesto op"]
[Site "Stare Mesto"]
[Date "2019.08.23"]
[Round "7"]
[White "Folkova, Martina"]
[Black "Mirzoev, Azer"]
[Result "0-1"]
[WhiteElo "1962"]
[BlackElo "2481"]
[PlyCount "76"]
[EventDate "2019.08.17"]
[EventType "swiss"]
[EventRounds "9"]
[EventCountry "CZE"]
[SourceTitle "EXT 2020"]
[Source "ChessBase"]
[SourceDate "2019.10.17"]
[SourceVersion "1"]
[SourceVersionDate "2019.10.17"]
[SourceQuality "1"]

1. e4 e5 2. Nf3 Nc6 3. Bb5 Nge7 4. c3 a6 5. Ba4 d6 6. 0-0 Bd7 7. Re1 g6 8. d3 Bg7 9. Nbd2 0-0 10. Nf1 b5 11. Bc2 h6 12. h4 f5 13. h5 g5 14. Bb3+ Kh8 15. exf5 Nxf5 16. N3h2 Nce7 17. Ne3 c5 18. Nxf5 Bxf5 19. Ng4 Bd7 20. Qe2 Qc8 21. Ne3 Bc6 22. Bd2 Qb7 23. Be6 Rae8 24. c4 bxc4 25. dxc4 Qxb2 26. Rab1 Qa3 27. Red1 Ng6 28. Bc1 Nf4 29. Qd2 Qa4 30. Bg4 Bd7 31. Bxd7 Qxd7 32. Qxd6 Ne2+ 33. Kf1 Qf7 34. f3 Nc3 35. Rb6 Nxd1 36. Qxd1 e4 37. Rg6 exf3 38. g4 Rxe3 0-1

[Event "Stare Mesto op"]
[Site "Stare Mesto"]
[Date "2019.08.22"]
[Round "6"]
[White "Sramek, Ondrej"]
[Black "Folkova, Martina"]
[Result "0-1"]
[WhiteElo "2057"]
[BlackElo "1962"]
[PlyCount "42"]
[EventDate "2019.08.17"]
[EventType "swiss"]
[EventRounds "9"]
[EventCountry "CZE"]
[SourceTitle "EXT 2020"]
[Source "ChessBase"]
[SourceDate "2019.10.17"]
[SourceVersion "1"]
[SourceVersionDate "2019.10.17"]
[SourceQuality "1"]

1. e4 e5 2. Nf3 Nc6 3. Bc4 Bc5 4. c3 Nf6 5. d4 exd4 6. cxd4 Bb4+ 7. Nc3 Nxe4 8. 0-0 Bxc3 9. d5 Bf6 10. Re1 Ne7 11. Rxe4 d6 12. Bg5 Bxg5 13. Nxg5 h6 14. Nxf7 Kxf7 15. Qf3+ Nf5 16. g4 Rf8 17. gxf5 Kg8 18. Rae1 Bxf5 19. Re7 Be6 20. Qc3 Qxe7 21. dxe6 c6 0-1

[Event "Stare Mesto op"]
[Site "Stare Mesto"]
[Date "2019.08.21"]
[Round "5"]
[White "Folkova, Martina"]
[Black "Sikora, Matous"]
[Result "1-0"]
[WhiteElo "1962"]
[BlackElo "2032"]
[PlyCount "109"]
[EventDate "2019.08.17"]
[EventType "swiss"]
[EventRounds "9"]
[EventCountry "CZE"]
[SourceTitle "EXT 2020"]
[Source "ChessBase"]
[SourceDate "2019.10.17"]
[SourceVersion "1"]
[SourceVersionDate "2019.10.17"]
[SourceQuality "1"]

1. e4 e6 2. d4 d5 3. Nd2 a6 4. Ngf3 c5 5. dxc5 Bxc5 6. Bd3 Nc6 7. c3 Nf6 8. Qe2 0-0 9. 0-0 Be7 10. Re1 Qc7 11. e5 Nd7 12. Nf1 f6 13. exf6 Nxf6 14. Bg5 Bd7 15. Bh4 Rae8 16. Bg3 Bd6 17. Bxd6 Qxd6 18. Ne5 Nxe5 19. Qxe5 Qxe5 20. Rxe5 Ng4 21. Re2 Nh6 22. Rae1 Nf7 23. Ne3 Nd6 24. Ng4 Bc8 25. Ne5 Re7 26. f3 Rc7 27. g3 b6 28. f4 a5 29. Nf3 Rf6 30. Ng5 h6 31. Nxe6 Bxe6 32. Rxe6 Rxe6 33. Rxe6 Rd7 34. Kf2 Kf7 35. Re5 Nc4 36. Rxd5 Nd6 37. c4 Ke6 38. f5+ Kf6 39. Kf3 Ke7 40. Kf4 Rc7 41. b3 Nb7 42. h4 Nc5 43. Be2 Rc8 44. g4 Rf8 45. g5 hxg5+ 46. hxg5 Ne6+ 47. Kg4 Nc7 48. Rd2 Ne8 49. Bf3 Nd6 50. Re2+ Kd7 51. Bd5 Ne8 52. Kh5 Nc7 53. Kg6 Ne8 54. Bf7 Nd6 55. Be6+ 1-0

[Event "Plzen op 10th"]
[Site "Plzen"]
[Date "2018.11.23"]
[Round "6"]
[White "Giemsa, Alexander"]
[Black "Folkova, Martina"]
[Result "1/2-1/2"]
[WhiteElo "1921"]
[BlackElo "2014"]
[PlyCount "150"]
[EventDate "2018.11.18"]
[EventType "swiss"]
[EventRounds "9"]
[EventCountry "CZE"]
[SourceTitle "CBM 189 Extra"]
[Source "ChessBase"]
[SourceDate "2019.06.03"]
[SourceVersion "1"]
[SourceVersionDate "2019.06.03"]
[SourceQuality "1"]

1. e4 e5 2. Nf3 Nc6 3. d4 exd4 4. Nxd4 Bc5 5. Be3 Qf6 6. c3 Nge7 7. Qd2 a6 8. Bc4 Qg6 9. f3 Ne5 10. Bb3 d6 11. 0-0 0-0 12. f4 Ng4 13. f5 Qh6 14. h3 Nxe3 15. Qxe3 Nc6 16. Kh2 Bd7 17. Nd2 Ne5 18. Bd1 Qh4 19. g3 Qf6 20. g4 h6 21. Kg3 g5 22. fxg6 Qxg6 23. Rf2 Rae8 24. Bc2 Kh8 25. Raf1 f6 26. Rf4 Qg5 27. Qf2 Kg7 28. h4 Qg6 29. h5 Qg5 30. N2f3 Nxg4 31. Nxg5 Nxf2 32. R4xf2 fxg5 33. Nf5+ Bxf5 34. Rxf5 Rxf5 35. exf5 Re3+ 36. Rf3 Rxf3+ 37. Kxf3 Kf6 38. Ke4 c6 39. c4 Bf2 40. a4 a5 41. b3 Be1 42. Bd1 Bc3 43. Bg4 Bb4 44. Bh3 Bc3 45. Bg4 Ke7 46. Kd3 Bf6 47. Ke4 Kd7 48. Be2 Kc7 49. Bf1 Kb6 50. Bd3 Kc5 51. Bc2 d5+ 52. cxd5 cxd5+ 53. Kd3 g4 54. Bd1 g3 55. Bf3 Kd6 56. Bg2 Ke5 57. Bh1 b6 58. Ke3 Kxf5 59. Bxd5 Kg4 60. Be6+ Kxh5 61. Kf3 Be5 62. Bh3 Kg5 63. Bc8 h5 64. Bh3 Bd6 65. Bd7 h4 66. Bh3 Bc5 67. Bc8 Kf6 68. Bh3 Ke5 69. Bf1 Kd4 70. Kg2 Ke3 71. Bc4 Bd6 72. Be6 Be5 73. Bh3 Ke2 74. Bg4+ Ke1 75. Be6 Kd2 1/2-1/2

[Event "Pardubice Czech op-B 29th"]
[Site "Pardubice"]
[Date "2018.07.22"]
[Round "3"]
[White "Smirnov, Boris"]
[Black "Folkova, Martina"]
[Result "1/2-1/2"]
[WhiteElo "2200"]
[BlackElo "1999"]
[PlyCount "109"]
[EventDate "2018.07.20"]
[EventType "swiss"]
[EventRounds "9"]
[EventCountry "CZE"]
[SourceTitle "CBM 186 Extra"]
[Source "ChessBase"]
[SourceDate "2018.08.24"]
[SourceVersion "1"]
[SourceVersionDate "2018.08.24"]
[SourceQuality "1"]

1. c4 e6 2. g3 d5 3. Bg2 dxc4 4. Qa4+ Bd7 5. Qxc4 Bc6 6. Nf3 Nf6 7. 0-0 Nbd7 8. Qc2 Bd6 9. d3 0-0 10. Nbd2 Qe7 11. Nc4 e5 12. Na5 Nb8 13. Nxc6 Nxc6 14. Be3 Nb4 15. Qb3 Nbd5 16. Bd2 c6 17. e4 Nb6 18. Rfe1 Bc5 19. h3 Rfd8 20. Rad1 Qc7 21. Bc3 Nbd7 22. d4 exd4 23. Bxd4 Bxd4 24. Nxd4 Nc5 25. Qc4 Qb6 26. b3 Rd7 27. e5 Nd5 28. Nf5 Ne6 29. Qh4 Qc5 30. Be4 Nf8 31. Qg4 g6 32. Rc1 Qa3 33. Bb1 Ne6 34. Rc4 Qf8 35. Nd6 Qg7 36. f4 h5 37. Qf3 Nb6 38. Rc2 Nd4 39. Qf2 Nxc2 40. Bxc2 Rad8 41. f5 Nc8 42. Ne4 Kh8 43. f6 Qh6 44. h4 Kg8 45. Re2 Qc1+ 46. Kg2 Rd5 47. Ng5 Rd2 48. Nf3 Rxe2 49. Qxe2 Re8 50. Ng5 Rd8 51. Nf3 Re8 52. Bxg6 fxg6 53. Qe4 Kh7 54. Ng5+ Kh6 55. Nf7+ 1/2-1/2

[Event "Prague Menchik Memorial rapid"]
[Site "Prague"]
[Date "2018.06.10"]
[Round "8"]
[White "Folkova, Martina"]
[Black "Brejnik, Gustav"]
[Result "0-1"]
[WhiteElo "1999"]
[BlackElo "2120"]
[PlyCount "56"]
[EventDate "2018.06.10"]
[EventType "swiss (rapid)"]
[EventRounds "9"]
[EventCountry "CZE"]
[SourceTitle "CBM 184 Extra"]
[Source "ChessBase"]
[SourceDate "2018.06.28"]
[SourceVersion "1"]
[SourceVersionDate "2018.06.28"]
[SourceQuality "1"]

1. e4 c6 2. d4 d5 3. exd5 cxd5 4. c4 Nf6 5. Nc3 Nc6 6. Nf3 Bg4 7. cxd5 Nxd5 8. Bc4 Nb6 9. Bxf7+ Kxf7 10. Ng5+ Ke8 11. Qxg4 Qxd4 12. Qe6 Qc4 13. Be3 Qxe6 14. Nxe6 Kf7 15. Nc7 Rd8 16. Bxb6 axb6 17. N7d5 b5 18. 0-0-0 b4 19. Nb5 e6 20. Ndc7 Bc5 21. Rhe1 Rxd1+ 22. Rxd1 Ke7 23. f3 Rc8 24. Re1 Nd4 25. Nxd4 Bxd4 26. Rxe6+ Kf7 27. Re4 Rxc7+ 28. Kd2 Bxb2 0-1

[Event "Prague Menchik Memorial rapid"]
[Site "Prague"]
[Date "2018.06.10"]
[Round "3"]
[White "Zvacek, Antonin"]
[Black "Folkova, Martina"]
[Result "1/2-1/2"]
[WhiteElo "1900"]
[BlackElo "1999"]
[PlyCount "40"]
[EventDate "2018.06.10"]
[EventType "swiss (rapid)"]
[EventRounds "9"]
[EventCountry "CZE"]
[SourceTitle "CBM 184 Extra"]
[Source "ChessBase"]
[SourceDate "2018.06.28"]
[SourceVersion "1"]
[SourceVersionDate "2018.06.28"]
[SourceQuality "1"]

1. e4 e5 2. Bc4 Nf6 3. d3 Bc5 4. Nc3 Nc6 5. f4 Bxg1 6. Rxg1 d6 7. f5 Na5 8. Bg5 Nxc4 9. dxc4 c6 10. Qd2 h6 11. Bxf6 Qxf6 12. 0-0-0 Qg5 13. Kb1 Qxd2 14. Rxd2 Ke7 15. Rgd1 Rd8 16. g4 b6 17. b4 Bb7 18. a4 a6 19. Kb2 Rac8 20. h4 g6 1/2-1/2

[Event "CZE-ch blitz (Women)"]
[Site "Prague"]
[Date "2017.12.30"]
[Round "8"]
[White "Folkova, Martina"]
[Black "Richterova, Natasa"]
[Result "1-0"]
[WhiteElo "1999"]
[BlackElo "2151"]
[PlyCount "49"]
[EventDate "2017.12.30"]
[EventType "swiss (blitz)"]
[EventRounds "15"]
[EventCountry "CZE"]
[SourceTitle "CBM 182 Extra"]
[Source "ChessBase"]
[SourceDate "2018.02.23"]
[SourceVersion "1"]
[SourceVersionDate "2018.02.23"]
[SourceQuality "1"]

1. e4 d6 2. d4 Nf6 3. Nc3 Nbd7 4. f4 c6 5. Nf3 Qc7 6. Bd3 e5 7. dxe5 dxe5 8. f5 Bb4 9. 0-0 h6 10. Kh1 Nc5 11. Be3 Nxd3 12. cxd3 Bxc3 13. bxc3 b6 14. Qe1 Ba6 15. Rd1 c5 16. Qg3 0-0-0 17. Nxe5 Nh5 18. Qh3 Qxe5 19. Qxh5 Qf6 20. c4 Rhe8 21. Qg4 Kb7 22. Bf4 Ka8 23. Bg3 Bc8 24. Bh4 Qd6 25. Bxd8 1-0